|
|
|
|
| LEADER |
00000nam0a2200000 4500 |
| 001 |
373775 |
| 005 |
20231102012609.0 |
| 035 |
|
|
|a (RuTPU)RU\TPU\retro\31205
|
| 035 |
|
|
|a RU\TPU\book\304970
|
| 090 |
|
|
|a 373775
|
| 100 |
|
|
|a 20221216d1971 k y0rusy50 ca
|
| 101 |
0 |
|
|a rus
|
| 102 |
|
|
|a RU
|
| 105 |
|
|
|a a z 001zy
|
| 200 |
1 |
|
|a Морские нерегулярные волны
|f В. С. Бычков, С. С. Стрекалов
|g Академия наук СССР (АН СССР)
|
| 210 |
|
|
|a Москва
|c Наука
|d 1971
|
| 215 |
|
|
|a 132 с.
|c ил.
|
| 320 |
|
|
|a Библиогр.: с. 126-131.
|
| 606 |
1 |
|
|a Морская геодезия
|2 stltpush
|3 (RuTPU)RU\TPU\subj\44452
|9 63774
|
| 610 |
1 |
|
|a ветровые волны
|
| 610 |
1 |
|
|a зыбь
|
| 610 |
1 |
|
|a прибойные биения
|
| 610 |
1 |
|
|a метеорологические колебания
|
| 610 |
1 |
|
|a портовые акватории
|
| 610 |
1 |
|
|a морские волны
|
| 610 |
1 |
|
|a измерение
|
| 610 |
1 |
|
|a методы
|
| 610 |
1 |
|
|a приборы
|
| 675 |
|
|
|a 551.46
|v 3
|
| 700 |
|
1 |
|a Бычков
|b В. С.
|g Вадим Сергеевич
|
| 701 |
|
1 |
|a Стрекалов
|b С. С.
|g Сергей Сергеевич
|
| 712 |
0 |
2 |
|a Академия наук СССР (АН СССР)
|2 stltpush
|3 (RuTPU)RU\TPU\col\722
|
| 801 |
|
1 |
|a RU
|b 63413507
|c 20150121
|
| 801 |
|
2 |
|a RU
|b 63413507
|c 20221216
|g RCR
|
| 942 |
|
|
|c BK
|